| Tag |
First Indicator |
Second Indicator |
Subfields |
| LEADER |
00000cam a2200000 4500 |
| 001 |
in00003824575 |
| 005 |
20190415190404.0 |
| 006 |
m o d |
| 007 |
cr |n||||||||n |
| 008 |
901212s1725 enk|||| o 00||||eng c |
| 035 |
|
|
|a (CU-RivES)T202650
|
| 035 |
|
|
|a (Uk-ES)006297178
|
| 035 |
|
|
|a (OCoLC)509732230
|
| 040 |
|
|
|a Uk-ES
|c Uk-ES
|d CStRLIN
|d Cengage Gale
|d UtOrBLW
|
| 245 |
0 |
4 |
|a The English Rogue revived :
|b Or, The lives and actions of Jonathan Wild, thief-taker. Joseph Blake alias blueskin foot-pad and John Sheppard, house-breaker. Taken from several writings found since Jonathan death, which never was publish'd before.
|
| 264 |
|
3 |
|a London :
|b Printed by Dan. Pratt, over against York House in the Strand,
|c [1725?]
|
| 300 |
|
|
|a 1 online resource (166 unnumbered pages) :
|b portrait ;
|
| 336 |
|
|
|a text
|b txt
|2 rdacontent
|
| 337 |
|
|
|a computer
|b c
|2 rdamedia
|
| 338 |
|
|
|a online resource
|b cr
|2 rdacarrier
|
| 500 |
|
|
|a Jonathan Wild was executed in 1725.
|
| 509 |
|
|
|a Verify pagination, may be numbered (D copy cropped?). Frontis = port
|
| 510 |
4 |
|
|a English Short Title Catalog,
|c T202650.
|
| 500 |
|
|
|a Reproduction of original from National Library of Ireland.
|
| 500 |
|
|
|a Electronic resource.
|
| 600 |
1 |
0 |
|a Wild, Jonathan,
|d 1682?-1725
|v Early works to 1800.
|
| 650 |
|
0 |
|a Criminals
|z Great Britain
|v Early works to 1800.
|
| 655 |
|
7 |
|a Electronic books.
|2 local
|
| 710 |
2 |
|
|a Gale (Firm)
|0 http://id.loc.gov/authorities/names/no2008071348
|
| 752 |
|
|
|a Great Britain
|b England
|d London.
|
| 856 |
4 |
0 |
|u http://proxy.library.tamu.edu/login?url=http://find.galegroup.com/ecco/infomark.do?contentSet=ECCOArticles&docType=ECCOArticles&bookId=1531203500&type=getFullCitation&tabID=T001&prodId=ECCO&docLevel=TEXT_GRAPHICS&version=1.0&source=library&userGroupName=txshracd2898
|z Connect to the full text of this electronic book
|t 0
|
| 999 |
f |
f |
|s ad791fd8-1dd8-3734-942a-37977410337e
|i 42757d05-22f8-36f7-9c66-0682b33c4ebf
|t 0
|
| 952 |
f |
f |
|a Texas A&M University
|b College Station
|c Electronic Resources
|d Available Online
|t 0
|h No information provided
|
| 998 |
f |
f |
|t 0
|l Available Online
|